Mathematical models in microeconomics

Saved in:
Bibliographic Details
Main Author: Daniel, Coldwell
Format: Book
Language:English
Published: Boston : Allyn and Bacon, 1970
Subjects:
Tags: Add Tag
No Tags, Be the first to tag this record!

MARC

LEADER 00000nam a2200000 i 4500
001 1/19633
008 960701s1970 eng d
035 |l 10021343 
040 |a GR-MY-UA  |b gre  |e aacr 
041 0 |a eng 
082 0 |a 338.5072 
100 1 |a Daniel, Coldwell. 
245 1 0 |a Mathematical models in microeconomics /  |c Coldwell Daniel 
260 |a Boston :   |b Allyn and Bacon,   |c 1970 
300 |a 228 p. 
500 |a Includes index 
650 0 0 |a Microeconomics  |x Mathematical models. 
852 |a INST  |b CHIOS  |e 19960701  |h 338.5072 DAN  |p 005200007391  |q 005200007391  |t BK  |y 0 
909 |a Χ  |b 013209